000 00471nam a2200133 4500
008 708 W673s
082 _a708
_bW673s
100 _aWildi Merino, Ingrid
_96345
245 _aSistemas de exclusión
260 _aChile
_bUniversidad Andrés Bello & Casa Uno
_c2017
300 _a8 p.
_bill.
_c32 x 23.5 cm
650 _xarte contemporáneo
_xarte exhibiciones
_xarte - exclusión social
_xarte - migración
_xarte - exilio
_xChile
_96346
700 _aVaras, Paulina E. (curadora)
_96347
999 _c1473
_d1473